| 000 | 00566 a2200169 4500 | ||
|---|---|---|---|
| 999 |
_c5508 _d5508 |
||
| 010 | _aENG-86887 | ||
| 020 |
_c695.00 _a0195686632 |
||
| 035 | _aEN-70420 | ||
| 037 | _bDBAD / PUB | ||
| 082 | 1 | 4 | _a954.07 |
| 245 | 1 |
_aTextures of the Sikh past : _ced. by Tony Ballantyne _bnew historical perspectives / |
|
| 260 |
_aNew Delhi _bOxford University Press _c2007 |
||
| 270 |
_aYMCA Library Building, Jai Singh Road _bNew Delhi _e110 045 |
||
| 300 |
_aviii, 326p. _c22cm (Hb) _bpaintings |
||
| 700 | _aBallantyne, Tony. | ||
| 942 |
_adpl _cEN _2ddc _h954.07 _mTEX |
||